[Event "Interzonal-15"]
[Site "Manila"]
[Date "1990.??.??"]
[Round "3"]
[White "Lautier, Joel"]
[Black "Yudasin, Leonid"]
[Result "1-0"]
[WhiteElo "2570"]
[BlackElo "2615"]
[Annotator "Lautier,J"]
[PlyCount "61"]
[EventDate "1990.06.29"]
[EventType "swiss"]
[EventRounds "13"]
[EventCountry "PHI"]
[SourceTitle "CBM 019"]
[Source "ChessBase"]
[SourceDate "1990.12.01"]
[SourceVersion "1"]
[SourceVersionDate "1990.12.01"]
[SourceQuality "1"]

1. d4 {Ftacnik} Nf6 2. c4 e6 3. Nc3 Bb4 4. e3 c5 5. Nge2 cxd4 6. exd4 d5 7. c5
Ne4 8. Bd2 Nxd2 9. Qxd2 a5 (9... Qd7 {Ftacnik} 10. a3 Ba5 $13) 10. a3 Bxc3 11.
Nxc3 a4 12. Bd3 b6 (12... Bd7 {Ftacnik} 13. O-O Nc6 {Rechlis,G-Portisch,L/
Manila izt/1990/}) 13. cxb6 Qxb6 14. Bc2 $5 (14. O-O Nc6 $5) 14... Bd7 15. O-O
O-O 16. Rfe1 g6 (16... Rc8 {Ftacnik} 17. Rad1 (17. Re3 Rc4 18. Rd1 Nc6 19. Ne2)
17... Rc4 (17... Qd8 $6 18. Re3 Qf8 19. h4 $1 Rc4 20. Bd3 Rc7 21. Bb1 Rb7 22.
h5 Nc6 23. Nxa4 $1 Nxd4 (23... Rxa4 24. Qc2 Qa8 25. Qxh7+ Kf8 26. Rg3 $18) 24.
Qxd4 Rxa4 25. b4 $16 {Knaak,R-Lerner,K/Lugano op/1989/}) 18. Bd3 Rc8 19. Re3
Nc6 20. Rg3 Ne7 21. h4 Qd8 22. Re1 Kh8 23. Re5 f5 $14 {Bareev,E-Dolmatov,S/
URS-FL Irkutsk/1986/}) 17. Re3 $1 $14 Rc8 (17... Qxb2 $2 18. Rb1 Qxa3 19. Nxd5
Qd6 20. Nf6+ Kg7 21. Rf3 {/\ Nh5 +-} e5 22. Nh5+ $1 gxh5 23. Qg5+ Kh8 24. Rf6
$1 Qe7 25. Qh6 e4 26. Bxe4 $18) 18. Rd1 Bc6 (18... Rc4 {Ftacnik} 19. Rh3 $40 (
19. Bd3 $2 Rxd4)) 19. Rf3 $1 (19. Rh3 Nd7 {/\ Nf8}) 19... Nd7 $6 (19... Ra7 $1
20. h4 $36) (19... Qd8 {Ftacnik} 20. Qf4 Qe7 21. h4 $40) 20. Qf4 $16 Rf8 (20...
f5 21. Qd6 Re8 22. Re3 Nf8 (22... Kf7 23. Rde1 $16) 23. Bxa4 $18) 21. Rh3 (21.
Qh6 Ra7 22. Rh3 Nf6) 21... Qxb2 (21... Qd8 {Ftacnik} 22. Qh6 Nf6 23. g4 {
/\ 24.g5 Nh5 25.Rh5 +-}) 22. Bb1 $1 Rab8 $2 (22... Rfb8 $8 {/\ Nf8} 23. Rxh7 $1
Kxh7 24. Qxf7+ Kh8 25. Bxg6 Nf8 26. Qf6+ $1 (26. Rd3 $2 Qc1+ 27. Nd1 Rb3 28.
Qf6+ $10) 26... Kg8 27. Bf7+ Kh7 28. g4 $3 (28. Qg5 {/\ Qg8, g4 +-} Ra7 $1 (
28... Qxc3 $2 29. Qg8+ Kh6 30. g4 $18) 29. Qg8+ Kh6 30. g4 Rxf7 $1) 28... Qc2 (
28... Ra7 29. Rd3 $1 $18) (28... Be8 29. Rd3 $18) (28... Qxc3 29. Qg5 $1 Qc2
30. Qg8+ Kh6 31. g5#) 29. Qg5 Ng6 (29... Nd7 30. Rd2 $1 Qc1+ 31. Kg2 Rg8 32.
Qh5+ Kg7 33. Qg6+ Kf8 34. Bxg8 $18) 30. Rd2 Qc1+ (30... Qxd2 31. Qxg6+ Kh8 32.
Qf6+ Kh7 33. Bg6+ $18) 31. Kg2 Nf4+ (31... Ne7 32. Qxe7 Qxd2 33. Be8+ Kg8 34.
Qf7+ Kh8 35. Qf6+ Kg8 36. Bf7+ Kh7 37. Bg6+ $18) (31... Nh8 32. Bxe6 $18) (
31... Nh4+ 32. Qxh4+ Kg7 33. Bxe6 Qxd2 34. Qe7+ Kh8 35. Qf6+ Kh7 36. g5 Qxg5+
37. Qxg5 Rg8 38. Bxg8+ Rxg8 39. Qxg8+ $18) 32. Qxf4 Rf8 (32... Be8 33. g5 $1
Qxc3 34. Bxe8 Rxe8 35. Qf7+ Kh8 36. g6 $18) 33. g5 Be8 (33... Qxc3 34. Qf6 $18)
34. g6+ Kg7 35. Ne2 $3 (35. Qe5+ Kh6 36. g7 $16) 35... Qxa3 (35... Qc4 36. Qe5+
Kh6 37. Nf4 (37. Qf6 $5 $18) 37... Bxf7 38. gxf7 Rxf7 39. Qxe6+ Kg7 40. Rd3 $18
) 36. Qe5+ Kh6 37. Qf6 $1 Bxf7 38. gxf7+ Kh7 39. Nf4 Rg8+ 40. fxg8=Q+ Rxg8+ 41.
Kf1 $18) (22... f5 {Ftacnik} 23. Qd6 $18) 23. Qh4 h5 24. Qg5 Kg7 (24... Rfc8
25. Bxg6 fxg6 26. Qxg6+ Kf8 27. Qxe6 $18) 25. Rg3 (25. Rxh5 $6 {Ftacnik} Qxc3
26. Qh6+ Kf6 $10) 25... Rh8 (25... Rg8 {Ftacnik} 26. Bxg6 Kf8 27. Rf3 $18) 26.
Bxg6 $18 f6 (26... fxg6 {Ftacnik} 27. Qxg6+ (27. Qe7+ Kh6 28. Qxe6 $18) 27...
Kf8 28. Qxe6 $18) 27. Qh4 $1 Rh6 (27... Kf8 28. Rb1 $1 Qxa3 29. Rxb8+ Nxb8 30.
Qxf6+ $18) 28. Bxh5+ Kh8 29. Qg4 Rh7 30. Bg6 f5 31. Qf4 (31. Qf4 {Ftacnik} Rg7
32. Qh6+ Kg8 33. Bh7+) 1-0

[Event "Olympiad-32"]
[Site "Yerevan"]
[Date "1996.09.19"]
[Round "4.1"]
[White "Beliavsky, Alexander G"]
[Black "Romanishin, Oleg M"]
[Result "1-0"]
[WhiteElo "2620"]
[BlackElo "2555"]
[Annotator "Makarichev,S"]
[PlyCount "71"]
[EventDate "1996.09.15"]
[EventType "team-swiss"]
[EventRounds "14"]
[EventCountry "ARM"]
[SourceTitle "CBM 055"]
[Source "ChessBase"]
[SourceDate "1996.12.01"]
[SourceVersion "1"]
[SourceVersionDate "1996.12.01"]
[SourceQuality "1"]
[WhiteTeam "Slovenia"]
[BlackTeam "Ukraine"]
[WhiteTeamCountry "SLO"]
[BlackTeamCountry "UKR"]

1. d4 Nf6 2. c4 e6 3. Nc3 Bb4 4. e3 b6 5. Nge2 c5 6. a3 Ba5 7. Bd2 O-O 8. Ng3
$1 {N/} (8. g3 cxd4 $1 (8... Bb7 $2 9. d5 exd5 10. Bg2 $16) 9. exd4 Bxc3 $1 (
9... Bb7 $2 10. d5 $16) 10. Nxc3 d5 11. Bg5 Nbd7 $1 12. cxd5 Bb7 $1 13. Bg2 h6
14. Bxf6 Nxf6 15. Qb3 $10 {Delchev,A-Wojtkiewicz,A/Odorheiu zt/1995/}) 8...
cxd4 (8... d5 $2 9. b4 $1 cxb4 10. Nxd5 $3 $16 (10. Na2 $2 bxa3 $13)) 9. exd4
Bxc3 (9... d5 $4 10. b4) 10. Bxc3 d5 11. c5 $1 Ne4 $5 12. Nxe4 dxe4 13. b4 Nc6
(13... Bb7 14. b5 Bd5 15. c6 a6 16. a4 $16) 14. Qc2 $1 (14. b5 Ne7 15. c6 Nd5
16. Bb2 Qg5 $132) 14... f5 (14... Nxd4 $4 15. Qxe4 $18) 15. Bc4 $1 Ne7 (15...
Nxd4 $2 16. Qb2 $16) 16. O-O Nd5 17. Rae1 $1 $16 {/\f2-f3!} Qc7 18. f3 Bb7 $1
$8 (18... exf3 19. Rxf3 $18) 19. Bd2 $1 (19. fxe4 $2 fxe4 20. Rxf8+ Rxf8 21.
Rxe4 $2 Nxc3 22. Rxe6 Bd5 $5 23. Qxc3 $140 Qf7 $1 $19) 19... Nf6 $5 (19... Kh8
$2 20. fxe4 fxe4 21. Qxe4 $16) 20. Bxe6+ Kh8 21. fxe4 (21. Bxf5 exf3 $132)
21... Bxe4 22. Qb3 bxc5 23. dxc5 Rad8 24. Bf4 Qc6 25. Bd6 $1 $18 Bxg2 (25...
Rxd6 26. cxd6 Qxd6 27. Bxf5 $18) 26. b5 $1 Qa8 27. Rxf5 Rxd6 28. cxd6 Bb7 29.
Qc3 Qe8 30. Rg5 h6 31. Rg3 Nh5 32. Bd5 $1 Qxb5 33. Rf3 $1 (33. Bxb7 $4 Nxg3 $13
{xf1/}) 33... Nf6 34. Bxb7 Qxb7 35. Rd3 Ne4 36. Qb4 1-0

[Event "Interzonal-14b"]
[Site "Szirak"]
[Date "1987.??.??"]
[Round "6"]
[White "Marin, Mihail"]
[Black "Portisch, Lajos"]
[Result "0-1"]
[WhiteElo "2475"]
[BlackElo "2615"]
[Annotator "Marin,M"]
[PlyCount "84"]
[EventDate "1987.07.??"]
[EventType "tourn"]
[EventRounds "17"]
[EventCountry "HUN"]
[EventCategory "12"]
[SourceTitle "CBM 003"]
[Source "ChessBase"]
[SourceDate "1988.04.01"]
[SourceVersion "1"]
[SourceVersionDate "1988.04.01"]
[SourceQuality "1"]

1. d4 Nf6 2. c4 e6 3. Nc3 Bb4 4. e3 c5 5. Nge2 cxd4 6. exd4 d5 7. a3 Be7 8. c5
b6 9. b4 O-O 10. g3 bxc5 11. dxc5 a5 12. Rb1 Nc6 13. Bg2 Rb8 14. Nd4 $5 (14.
Bf4) 14... Nxd4 15. Qxd4 Nd7 (15... axb4 16. Bf4 $5 $13 (16. axb4 e5 17. Qxe5
Rxb4 $1 18. Rxb4 Bxc5 19. O-O (19. Qb8 $4 Qe7+ $19) 19... Bxb4 20. Nxd5 $10))
16. O-O Ba6 17. Rd1 Bf6 18. Qd2 axb4 (18... Ne5 $6 19. b5 Nc4 20. Qc2 Bxc3 21.
bxa6 Rxb1 22. Qxb1 $13) 19. axb4 Ne5 20. Qc2 $6 (20. f4 Nd3 $17) (20. b5 Nc4
21. Qc2 Bxc3 22. bxa6 Rxb1 23. Qxb1 Qa5 $15) (20. Kh1 $5 {/\ f4}) 20... Nc6 $1
$17 (20... Nc4 21. Rb3 Qd7 22. Bf1 {/\ 23.b5 Bc3 24.ba6 Rb3 25.Qb3+/-} Bxc3 23.
Qxc3 $14) 21. Ba3 (21. b5 Bxc3 $17) 21... Nd4 22. Qd2 Bc4 23. Bb2 $5 (23. f4
Qc8 $1 (23... Ra8 $6 24. Bb2 Nb3 25. Qe1 Qb8 $6 26. Nxd5 $1 exd5 27. Bxf6 gxf6
28. Qc3 $44) 24. Kh1 Qa6 25. Bb2 Nb3 26. Qe1 Rfe8 $1 $17 (26... Rxb4 $2 27.
Nxd5)) 23... Nb3 24. Qe1 {/\ 25.Na4, 25.Ne4} Qe8 $1 25. f4 (25. Nxd5 exd5 (
25... Bxb2 $2 26. Nc7 Qc8 27. Rxb2 Qxc7 28. Qc3) 26. Qxe8 Rfxe8 27. Bxf6 gxf6
28. Bxd5 Bxd5 29. Rxd5 Rxb4 30. c6 (30. Rd3 Nxc5 $19) 30... Rd4 $1 31. Rd7 Nd2
$1 32. Rxd4 Nf3+ 33. Kg2 Nxd4 34. c7 Ne6 35. Rb8 Nxc7 $19) 25... Qc6 {/\ 26...
Rb4 27.Nd5 Qc5-+} 26. Kh1 Rfe8 $1 {/\ Qb7} (26... Qb7 $6 27. Nxd5 exd5 28. Bxf6
gxf6 29. Qc3 Kg7 (29... Qc6 $4 30. Qxc4) (29... Qa6 30. Bxd5) 30. g4 $44) 27.
g4 g6 {/\ Bg7. Qb7 >< b4} 28. Ne4 $2 (28. Na4 $142 $1 Bxb2 (28... e5 $2 29. Nb6
) 29. Nxb2 Qb5 30. Nxc4 dxc4 (30... Qxc4 31. Bf1 Qxb4 32. Qxb4 Rxb4 33. Rd3
Reb8 34. c6) 31. Bf1 $1 Qxb4 32. Qxb4 Rxb4 33. Rdc1 Rc8 34. Rxc4 (34. Bxc4 Rxc5
35. Bxb3 $15) 34... Rxc4 35. Bxc4 Nxc5 $15) 28... Bxb2 29. Nd6 Ba3 30. Nxc4
Bxb4 31. Ne5 Qc7 (31... Qxc5 $6 32. Qh4 {/\ Nd7}) 32. Qh4 Na5 $19 (32... Bc3)
33. g5 Bc3 34. Ng4 Rxb1 35. Rxb1 Nc6 36. Rb3 (36. Nf6+ Bxf6 37. gxf6 Nd4 {
/\ Qc5}) 36... Qa5 $1 37. Bf1 Qa1 38. Qh3 Bg7 39. Rb7 Qc1 40. Rc7 Nd4 41. Ne3
Qb1 42. Qg2 Qb8 $1 0-1

[Event "Doha FIDE GP (Women) 6th"]
[Site "Doha"]
[Date "2011.02.28"]
[Round "6"]
[White "Koneru, Humpy"]
[Black "Chiburdanidze, Maia"]
[Result "1-0"]
[WhiteElo "2607"]
[BlackElo "2502"]
[Annotator "Mikhalchishin,A"]
[PlyCount "83"]
[EventDate "2011.02.22"]
[EventType "tourn"]
[EventRounds "11"]
[EventCountry "QAT"]
[EventCategory "10"]
[SourceTitle "CBM 141"]
[Source "ChessBase"]
[SourceDate "2011.03.17"]
[SourceVersion "1"]
[SourceVersionDate "2011.03.17"]
[SourceQuality "1"]

1. d4 Nf6 2. c4 e6 3. Nc3 Bb4 4. e3 c5 5. Nge2 cxd4 6. exd4 d5 7. c5 $1 {
The most serious positional plan - White wants to create a pawn majority on
the queen's flank and to avoid Black's counterplay in the centre.} Ne4 ({
A very serious alternative here is the direct attack on the centre:} 7... e5 8.
dxe5 Ng4 9. e6 $1 O-O (9... Bxe6 $5 10. Nd4 Ne5 11. Nxe6 fxe6 12. Qh5+ Nf7 13.
Bd3 $13) (9... Qf6 10. exf7+ Qxf7 11. f3 O-O $1 {/\} 12. fxg4 $6 Qf2+ 13. Kd2
d4 14. Kc2 dxc3 15. bxc3 Bxc5 $17) 10. Nd4 Nf6 (10... fxe6 $5 11. Qxg4 Qf6 12.
Nde2 Qxf2+ 13. Kd1 Nc6 14. Qg3 Qxc5) 11. exf7+ Rxf7 12. Be2 Ne4 13. O-O Bxc3
14. bxc3 Nxc3 15. Qc2 Nxe2+ 16. Qxe2 Nc6 $1 {with sufficient counterchances in
Morovic-Browne, Linares 1994.}) 8. Bd2 Nc6 {This looks to be the best try.} 9.
Nxe4 ({Maja successfully applied this variation in the same tournament before,
so Koneru's preparation was very precisely targeted.} 9. a3 Bxc3 10. Nxc3 Qh4
11. Nxe4 Qxe4+ 12. Be3 e5 13. Qa4 O-O 14. O-O-O exd4 15. Bd3 Qe5 16. Bd2 Bf5
17. Qc2 Bxd3 18. Qxd3 Qe4 19. Qg3 a5 20. Rhe1 Qf5 21. Bh6 Qg6 22. Bf4 Rfe8 23.
Qxg6 hxg6 24. f3 a4 25. Kc2 f6 26. Kd3 Kf7 27. Bg3 Ra5 28. Rxe8 Kxe8 29. Bd6
Rb5 30. Kc2 Kf7 31. h4 Na5 32. Rxd4 Nc4 33. Kc1 Ke6 34. Bf8 Nxb2 35. Bxg7 Nc4
36. Rf4 f5 37. g4 Rxc5 38. h5 gxh5 39. gxh5 Nxa3+ 40. Kd1 Rc4 41. Rxc4 Nxc4 42.
Kc2 Kf7 43. h6 Kg6 44. Kc3 a3 45. f4 Na5 46. Kb4 Nc6+ 47. Kxa3 Nd8 48. Kb4 Ne6
49. Be5 Kxh6 50. Kb5 Kh5 51. Kb6 d4 52. Kxb7 d3 {0-1 Mkrtchian,L-Chiburdanidze,
M,Doha, Qatar 2011}) 9... dxe4 10. Bxb4 Nxb4 11. Qa4+ (11. Nc3 f5 12. Bb5+ Bd7
13. O-O Bxb5 $10 14. Nxb5 O-O 15. f3 e3 $10 {Bareev,E-Aseev,K,URS-ch,1990})
11... Nc6 12. Rd1 Qg5 {An interesting new idea.} (12... O-O {seems to be more
consistent:} 13. Nc3 e3 $5 (13... f5 14. Bb5 $14) 14. fxe3 Qg5 15. Kf2 (15. Kd2
Rd8 $1 16. Nb5 e5 $17) 15... Bd7 {/\ Ne5-+} 16. Qc2 (16. Bb5 $2 a6 $17) (16. d5
$5 $13) (16. h4 Qf5+ 17. Kg1 Ne5 18. Bb5 Ng4 19. Rf1 Bxb5 20. Qxb5 Qc2 21. Rh3
$16 {Rossiter,P-Piper,M, London 1994}) 16... b6 $1 17. Qe4 $1 bxc5 18. dxc5 Be8
$8 (18... Ne5 $2 19. Qf4 $16) 19. Bd3 g6 20. Qf4 Qxc5 21. Ne4 Qe5 22. Rhf1 {
with approximately equal play, Knaak,R-Skembris,S, Thessaloniki 1988} Rb8) 13.
g3 ({The transition to an endgame looks a bit artificial:} 13. Qb3 O-O 14. Qe3
Qxe3 15. fxe3 f5 16. Nc3 Bd7) ({A direct attack on the pawn is possible, but
it is unclear, whether it can provide any chances for an advantage.} 13. Nc3 e3
14. f3 O-O 15. Ne4 Qg6 (15... Qh6 $5 16. Bb5 Bd7 17. O-O a6 18. Be2 Rad8 $132 {
/\e5, /\Ne7, Bc6}) 16. Qb3 $1 f5 17. Nd6 f4 18. Qd3 Qg5 (18... e5 $5 19. Qxg6
hxg6 20. Bc4+ Kh7 21. d5 Nd4 $14) 19. Qe4 g6 $13 20. a3 Bd7 (20... a5 $5) 21.
b4 (21. Nxb7 $2 Rab8 22. d5 Ne7 23. d6 $2 Nc6 24. Bb5 Qxg2 $19) 21... Ne7 {
with very active counterplay after the transfer of the knight to f5, Lugovoi,
A-Aseev,K, St Petersburg 1995}) 13... e3 ({A slight advantage fopr White was
the result of the development} 13... O-O 14. Bg2 f5 15. O-O Rd8 16. f3 Qe3+ 17.
Rf2 exf3 18. Bxf3) ({But an intersting idea would be the tranition to an
endgame:} 13... Bd7 14. Qb3 Qd5 15. Nc3 Qxb3 16. axb3 f5 17. Bc4 e5 18. Nb5
exd4 19. Nxd4 Ne5 20. Be2 Rc8 21. Nxf5 Bxf5 22. Rd5 {Iljushin-Andreikin,
Russia 2005, and here Black's best chances were after} Ke7) 14. fxe3 Qxe3 15.
Bg2 Bd7 16. Qc4 $1 {With this move White starts an operation to bring about
castling, after driving the opponent's queen from e3.} O-O 17. Rd3 Qh6 18. O-O
Rab8 ({Centralisation of the rook would be met by strong flank development:} 
18... Rad8 19. b4 a6 20. a4 Bc8 21. b5 axb5 22. axb5 Ne7 23. c6) 19. b4 e5 {
Maja desperately tries to avoid White's mass pawn advance, but another try to
create some counterplay on the queenside had its own flaws.} (19... a6 20. a4
a5 21. b5 Nb4 22. Rdd1 Nd5 23. Bxd5 Qe3+ 24. Kg2 exd5 25. Qd3 Rfe8 26. Qxe3
Rxe3 27. Nf4) 20. d5 e4 $2 {Maja tries desperately to escape from the
positional grind.} ({Black is in troubles after} 20... Ne7 21. Nc3 Kh8 22. Re1
Rfc8 23. d6) 21. Qxe4 Rbe8 22. dxc6 $1 Bxc6 ({How did Maja manage to overlook} 
22... Rxe4 23. cxd7) 23. Qg4 Bb5 24. Nf4 Bxd3 25. Nxd3 Qe3+ 26. Nf2 {White has
two pieces for the rook and a terrific pawn formation c5 plus b4, which
guarantees an easy win.} Re7 27. Qf4 ({It was stronger to continue to improve
her own position:} 27. Qc4 Rd8 28. Bd5) 27... Qa3 28. Qc4 ({One more active
attacking option is} 28. Ne4 Qxa2 29. Nd6 b6 30. Qg5 Re2 31. Bd5 Qd2 32. Nxf7)
28... Rd8 29. b5 Rd2 30. c6 bxc6 31. bxc6 Qa5 ({It was better to try the risky
capture - the chance existed that White would not play in the most precise way.
} 31... Qxa2 32. Qb4 Re8 33. c7 Rc2 34. Re1 Rf8 35. Be4 Rxc7 36. Bb1 $1 Qd5 37.
Bxh7+ Kxh7 38. Qxf8) 32. a4 h6 33. Ne4 Qb6+ 34. Kh1 Rd4 35. Qc2 Qa5 36. Rb1 ({
Slightly better would be} 36. Nc5) 36... g6 37. h4 Kg7 38. Qc5 Qxc5 39. Nxc5
Rc4 40. Nb7 Re3 ({The pawn would be promoted after} 40... Rxa4 41. Rc1 Rc7 42.
Nd6 Kf8 43. Nb5 Rc8 44. c7) 41. Nd6 Rc5 42. Rb7 1-0